000 00784cab a2200253 4500
001 ABS58208
008 090401t1998 xxu||||| |||| 00| 0 eng d
035 _a(Sirsi) u83225
041 _aeng
100 _aWheeler, K.
245 _aMarketing the advisers
260 _c1998
350 _a0
490 _aProfessional Practice Management
_v16(1) January 1998, 4-7(4)
520 _aDiscusses the findings of the first comprehensive benchmarking study into the marketing practices of professional service firms. Charts.
650 _aCONSULTANTS
650 _aMARKET RESEARCH
650 _aMARKETING
650 _aPROFESSIONAL SERVICES
690 _aMANAGEMENT-BUSINESS MANAGEMENT-PROFESSIONAL PRACTICE
700 _aThompson, K.
942 _n0
948 _c21/01/1998
999 _c52553
_d52553